| 000 | 00634nam a2200193 a 4500 | ||
|---|---|---|---|
| 001 | 000039898 | ||
| 003 | DO-SdBNP | ||
| 005 | 20250714110247.0 | ||
| 008 | 130729s1977 dr 000 0 spa d | ||
| 040 |
_aDO-SdBNP _bspa _cBNPHU |
||
| 110 | 2 |
_aBanco Central de la República Dominicana _983405 |
|
| 245 | 1 | 0 | _aFuentes y usos de fondos 1977 |
| 260 |
_aSanto Domingo : _bBanco Central, _c1977. |
||
| 300 |
_a82 p. ; _c28 cm. |
||
| 500 | _aTexto a dos columnas | ||
| 500 | _aSeminario sobre fuente y usos de fondos y sus aplicaciones del 1-3 de febrero de 1979 | ||
| 500 | _aIncluye notas al pie de las páginas | ||
| 942 |
_2ddc _cLBS1 |
||
| 999 |
_c39388 _d39388 |
||